"Stadium" Smash Bros. Stages - Statistics

General Stats
  • This quiz has been taken 75 times
  • The average score is 5 of 7
Answer Stats
Series Stage % Correct
Pokemon {Pokemon} Stadium
98%
Pokemon {Pokemon} Stadium {2}
98%
Punch-Out!! {Boxing} Ring
87%
Fatal Fury {King} {of} {Fighters} Stadium
66%
ARMS {Spring} Stadium
66%
Fire Emblem Arena {Ferox}
60%
Fire Emblem {Coliseum}
47%
No matching quizzes found
Score Distribution
Percent of People with Each Score
Percentile by Number Answered
Your Score History
You have not taken this quiz